Normal view
MARC view
- مهارات الاتصال-الاتصال الكتابي-الاتصال الشفوي
Entry Topical Term
001 - CONTROL NUMBER
- control field: 24562
003 - CONTROL NUMBER IDENTIFIER
- control field: JO-AjAnu
005 - DATE AND TIME OF LATEST TRANSACTION
- control field: 20230606074217.0
008 - FIXED-LENGTH DATA ELEMENTS
- fixed length control field: 230606|| aca||aabn | a|a d
040 ## - CATALOGING SOURCE
- Original cataloging agency: JO-AjAnu
- Transcribing agency: JO-AjAnu
150 ## - HEADING--TOPICAL TERM
- Topical term or geographic name entry element: مهارات الاتصال-الاتصال الكتابي-الاتصال الشفوي
670 ## - SOURCE DATA FOUND
- Source citation: Work cat.: (JO-AjAnu)12632: تاليف جمل،محمد جهاد؛ م.مشارك سمر روحي الفيصل, author 24561, مهارات الاتصال في اللغة العربية